| 000 | 00940nam a2200253Ia 4500 | ||
|---|---|---|---|
| 999 |
_c54300 _d54300 |
||
| 001 | 21356 | ||
| 003 | GE_BSU | ||
| 005 | 20211028173003.0 | ||
| 008 | 181216s2016||||ru |||||||||||||| ||rus|| | ||
| 020 | _a9785756708431 | ||
| 040 | _cGE_BSU | ||
| 080 | _a327 Л-33 | ||
| 100 |
_aЛебедева, М. М. _912753 |
||
| 245 |
_aТехнология ведения международных переговоров / _cМ. М. Лебедева. |
||
| 264 |
_aМосква : _bАспект-Пресс, _c2016. |
||
| 300 |
_a205 стр. ; _c22 см. |
||
| 541 | _h33 Л. | ||
| 653 | _aПолитика | ||
| 653 | _aТехнология ведения международных переговоров | ||
| 653 | _aპოლიტიკა | ||
| 653 | _aსაერთაშორისო ურთიერთობები | ||
| 710 |
_aМосковский гос. ин-т междунар. отнош. _912464 |
||
| 942 |
_cBK _2udc |
||